00919nam a22002657a 45000010005000000030006000050050017000110080041000280200018000690400029000870500013001160820008001291000027001372450037001642500024002012600035002253000023002605050007002835200227002905210019005175210018005366500037005546500028005917000034006194433FISKH20240909082317.0240909b cb ||||| |||| 00| 0 eng d a9780545200370 aFISKHbengcFISKHdFISKH aPZ7.P644 2813 aPitchford, Deand1951- aThe big one-oh /cDean Pitchford aFirst printing 2009 aNew York :bScholastic,c2009. a181 pages :c20 cm aR  aDetermined not to be weird all his life like his neighbor, Charley Maplewood decides to throw himself a tenth birthday party, complete with a "house of horrors" theme, but first he will have to make some friends to invite.8 a690L bLexile 8 aR bRaz-Plus  2BirthdayaFunnyvPartiesxSchool 2FictionaHumorvFiction aAlexander, GuntadIllustrator